| 000 | 00600cam9a220021700 4500 | ||
|---|---|---|---|
| 001 | zam00003161 | ||
| 008 | 951128s1966 xx eng u | ||
| 035 | _a(Sirsi) r20495 | ||
| 035 | _a(MACHINE)SLC. | ||
| 100 |
_aCataldo, B. F. _6A81878.1 |
||
| 245 | 1 | 0 | _aIntroduction to law and the legal process. |
| 260 | _c1966. | ||
| 949 |
_aKB20 _wlcc _mMAIN _p2500 _tSHORTLOAN _lSHORTLOAN |
||
| 004 | 20495 | ||
| 591 | _aClass code: L 210. | ||
| 591 | _aCourse: Legal process. | ||
| 591 | _aSchool: S06. | ||
| 591 | _aLecturer: Dr. KANGANJA, J.L. | ||
| 591 | _aNumber of Students: 36. | ||
| 909 | _aBook | ||
| 999 |
_c8471 _d8471 |
||